The violence of peace: ethnojustice in northern Uganda /

Guardat en:
Dades bibliogràfiques
Autor principal: Branch, Adam
Format: Text
Etiquetes: Afegir etiqueta
Sense etiquetes, Sigues el primer a etiquetar aquest registre!

MARC

LEADER 00000 a a2200000 04500
001 46627
003
040
100 |a Branch, Adam  
245 |a The violence of peace:   |b ethnojustice in northern Uganda /  |c Adam Branch  
773 |g volumen45, número3 (2014), páginas 608-630  
999 |c 24348  |d 24348